000
00184nam a2200085 4500
001
1256686
005
20260102121224.0
245
_a
TERSİNE DÜNYA
_c
ORHAN KEMAL
260
_b
SEVEREST ROMAN
999
_c
1256686
_d
1256686